000
00287nam a22001337a 4500
008
170419b xxu||||| |||| 00| 0 eng d
020
_a
0867201789
041
_a
eng
080
_2
2ND
_a
573
100
_a
11
101
_a
SHM
245
_a
THE BIOLOGY OF AIDS
_c
CONNER
942
_2
udc
_c
BK
999
_c
11231
_d
11231